| 000 | 00585nam a2200157 4500 | ||
|---|---|---|---|
| 001 | 3342 | ||
| 005 | 20181127171042.0 | ||
| 020 | 0 | 0 | _a9789993677314 |
| 090 | 0 | 0 | _a954.98092 K521e 2011 |
| 245 | 0 | 0 |
_a11-11-11, a tribute : _bHis Majesty the fourth Druk Gyalpo, Jigme Singye Wangchuck / _cTshering, Karma. _h |
| 246 |
_aEleven eleven eleven. _b _f _h _i _n _p |
||
| 260 | 0 | 0 |
_aThimphu : _bMPC Publication, _c2011. |
| 300 | 0 | 0 | _a180 p. : chiefly col. ill. ; 22 cm. |
| 650 | 0 | 0 |
_aBhutan --Kings and rulers --Pictorial works. _x |
| 650 | 0 | 0 |
_aJigme Singye Wangchuck, King of Bhutan, 1955- --Pictorial works. _x |
| 999 |
_c2703 _d2703 |
||